Könne Sie die schwedische IPA lesen - Statistiken

Allgemein
  • Dieses Quiz wurde 16 mal gespielt
  • Das Durchschnittsergebnis liegt bei 11 aus 13
Antwortstatistiken
IPA Antwort % Korrekt
/huːs/ hus
100%
/staːd/ stad
100%
/staːd/ stad
100%
/boːk/ bok
94%
/maːt/ mat
94%
slʉːt/ slut
94%
/tiːd/ tid
94%
/arˈbeːtɛ/ arbete
88%
/vɛn/ vän
81%
/ˈvæːrld/ värld
81%
/jɪft/ gift
63%
/ʂœn/ skön
56%
/ʂuːla/ skola
50%
Keine übereinstimmenden Quizze gefunden
Verteilung der Resultate
Anzahl Personen mit jedem Resultat
Perzentil nach korrekt beantworteten Fragen
Ihre Resultats-Entwicklung
Sie haben dieses Quiz noch nicht gespielt